000 00489nam a2200181Ia 4500
005 20250508162438.0
008 008 250505s9999 xx 000 0 eng d
037 _aTextual
040 _aFEDL
_beng
_cFEDL
041 _aeng
_2eng
084 _a371.93, MOR
_qFEDL
100 _aMorgan Patricia
_9605701
245 0 _aDelinquent fantasies
260 _aLondon, UK
_bThames and Hudson
_c1978
300 _a288p.
942 _cTEXL
_h371.93, MOR
999 _c1376592
_d1376592